Bank Management (Record no. 351957)

000 -LEADER
fixed length control field 00489nam a22001937a 4500
003 - CONTROL NUMBER IDENTIFIER
control field OSt
005 - DATE AND TIME OF LATEST TRANSACTION
control field 20180116183101.0
008 - FIXED-LENGTH DATA ELEMENTS--GENERAL INFORMATION
fixed length control field 170214b xxu||||| |||| 00| 0 eng d
020 ## - INTERNATIONAL STANDARD BOOK NUMBER
International Standard Book Number 9781439044933
040 ## - CATALOGING SOURCE
Transcribing agency 0
082 ## - DEWEY DECIMAL CLASSIFICATION NUMBER
Classification number 332.1068 DON 2006
100 ## - MAIN ENTRY--PERSONAL NAME
Personal name S. Scott Mac Donald
245 ## - TITLE STATEMENT
Title Bank Management
Statement of responsibility, etc. S. Scott Mac Donald
250 ## - EDITION STATEMENT
Edition statement 6th
260 ## - PUBLICATION, DISTRIBUTION, ETC.
Place of publication, distribution, etc. UK
Name of publisher, distributor, etc. South- Western Cengage Learning
Date of publication, distribution, etc. 2006
300 ## - PHYSICAL DESCRIPTION
Extent 562 p.
Other physical details PB
440 ## - SERIES STATEMENT/ADDED ENTRY--TITLE
Title Bank Management
942 ## - ADDED ENTRY ELEMENTS (KOHA)
Source of classification or shelving scheme
Koha item type Book
Holdings
Withdrawn status Lost status Source of classification or shelving scheme Damaged status Not for loan Collection code Permanent Location Current Location Shelving location Date acquired Total Checkouts Full call number Barcode Date last seen Date last checked out Price effective from Koha item type
            Central Library (CL) Central Library (CL) General Stacks 02/14/2017 3 332.1068 DON 2006 NBS10251 08/30/2017 08/25/2017 02/14/2017 Book
© 2023 Central Library, National University of Sciences and Technology. All Rights Reserved.